<?xml version="1.0" encoding="UTF-8"?>
<record
    xmlns:xsi="http://www.w3.org/2001/XMLSchema-instance"
    xsi:schemaLocation="http://www.loc.gov/MARC21/slim http://www.loc.gov/standards/marcxml/schema/MARC21slim.xsd"
    xmlns="http://www.loc.gov/MARC21/slim">

  <leader>02386nam a2200313 i 4500</leader>
  <controlfield tag="001">000000139717</controlfield>
  <controlfield tag="003">IT-MiSPE</controlfield>
  <controlfield tag="005">20200905172841.0</controlfield>
  <controlfield tag="008">100928s2010    it       b   u000 u ita c</controlfield>
  <datafield tag="020" ind1=" " ind2=" ">
    <subfield code="a">9788845264931</subfield>
    <subfield code="c">30.00 EUR</subfield>
  </datafield>
  <datafield tag="040" ind1=" " ind2=" ">
    <subfield code="a">IT-MiSPE</subfield>
    <subfield code="b">ita</subfield>
    <subfield code="c">IT-MiSPE</subfield>
  </datafield>
  <datafield tag="041" ind1="1" ind2=" ">
    <subfield code="a">ita</subfield>
    <subfield code="a">rus</subfield>
    <subfield code="h">rus</subfield>
  </datafield>
  <datafield tag="082" ind1="0" ind2="4">
    <subfield code="a">197-BER ni sc (axa 23275)</subfield>
  </datafield>
  <datafield tag="100" ind1="1" ind2=" ">
    <subfield code="9">7471</subfield>
    <subfield code="a">Berdjaev, Nikolaj Aleksandrovi&#x10D;</subfield>
    <subfield code="d">1874-1948</subfield>
  </datafield>
  <datafield tag="240" ind1="1" ind2="0">
    <subfield code="a">Rabstve i svobode celoveka.</subfield>
    <subfield code="l">Italiano e russo</subfield>
  </datafield>
  <datafield tag="245" ind1="1" ind2="0">
    <subfield code="a">Schiavit e&#x32E; libert d&#x309;ell'uomo /</subfield>
    <subfield code="c">Nikolaj Aleksandrovi&#x10D; Berdjaev ; saggio introduttiva, traduzione e note di Enrico Macchetti.</subfield>
  </datafield>
  <datafield tag="260" ind1=" " ind2=" ">
    <subfield code="a">Milano :</subfield>
    <subfield code="b">Bompiani,</subfield>
    <subfield code="c">2010.</subfield>
  </datafield>
  <datafield tag="300" ind1=" " ind2=" ">
    <subfield code="a">678 p. ;</subfield>
    <subfield code="c">22 cm</subfield>
  </datafield>
  <datafield tag="490" ind1="1" ind2=" ">
    <subfield code="a">Bompiani Il pensiero occidentale</subfield>
  </datafield>
  <datafield tag="504" ind1=" " ind2=" ">
    <subfield code="a">Bibliogr. di N.A. Berdjaev p. [47]-55.</subfield>
  </datafield>
  <datafield tag="520" ind1=" " ind2=" ">
    <subfield code="a">Pubblicato a Parigi per la prima volta nel 1939, "Schiavit&#xF9; e libert&#xE0; dell'uomo" &#xE8; l'opera fondamentale che attesta l'interesse acquisito dall'autore nel corso degli anni '30 per la tematica della persona. In questo senso costituisce anche uno dei momenti pi&#xF9; elevati dell'itinerario speculativo del filosofo Berdjaev, che dopo il suo trasferimento in Occidente prese parte attiva nel dibattito filosofico, soprattutto francese, entrando in contatto con gli ambienti della filosofia dell'esistenza e fondando insieme a E. Mounier la rivista "Esprit".</subfield>
    <subfield code="b">Composto secondo una struttura non nuova a Berdjaev, il testo sviluppa gli elementi di specificit&#xE0; teorica nella concezione filosofica della persona e della trascendenza cui essa inevitabilmente rimanda, passando quindi in rassegna - successivamente - le diverse possibilit&#xE0; di "oggettivazione", in cui la libert&#xE0; della persona stessa pu&#xF2; trovare fonti di seduzione e di asservimento. Si tratta di un testo che combina in maniera penetrante speculazione teorica e filosofia sociale (nei suoi attacchi al collettivismo socialista, al capitalismo, al nazionalismo) e che, pubblicato alla vigilia della tragedia della Seconda Guerra Mondiale, si presenta al lettore quasi come la voce di una profezia.</subfield>
  </datafield>
  <datafield tag="546" ind1=" " ind2=" ">
    <subfield code="a">Testo russo con trad. italiana a fronte.</subfield>
  </datafield>
  <datafield tag="630" ind1=" " ind2=" ">
    <subfield code="a">Filosofia.</subfield>
    <subfield code="l">rus</subfield>
    <subfield code="x">Filosofia russa.</subfield>
    <subfield code="9">58449</subfield>
  </datafield>
  <datafield tag="700" ind1="1" ind2=" ">
    <subfield code="9">48874</subfield>
    <subfield code="a">Macchetti, Enrico</subfield>
    <subfield code="d">1981-</subfield>
  </datafield>
  <datafield tag="830" ind1=" " ind2="0">
    <subfield code="a">Pensiero occidentale (Bompiani)</subfield>
    <subfield code="9">57130</subfield>
  </datafield>
  <datafield tag="942" ind1=" " ind2=" ">
    <subfield code="a">IT-MiSPE</subfield>
    <subfield code="c">BK</subfield>
  </datafield>
  <datafield tag="983" ind1=" " ind2="0">
    <subfield code="a">Bompiani Il pensiero occidentale.</subfield>
  </datafield>
  <datafield tag="999" ind1=" " ind2=" ">
    <subfield code="c">358869</subfield>
    <subfield code="d">358869</subfield>
  </datafield>
  <datafield tag="952" ind1=" " ind2=" ">
    <subfield code="0">0</subfield>
    <subfield code="1">0</subfield>
    <subfield code="2">ddc</subfield>
    <subfield code="4">0</subfield>
    <subfield code="6">197BER_NI_SC_AXA_23275</subfield>
    <subfield code="7">1</subfield>
    <subfield code="a">CINISELLO</subfield>
    <subfield code="b">CINISELLO</subfield>
    <subfield code="d">2020-09-05</subfield>
    <subfield code="l">0</subfield>
    <subfield code="o">197-BER ni sc (axa 23275)</subfield>
    <subfield code="p">9788845264931</subfield>
    <subfield code="r">2020-09-05 00:00:00</subfield>
    <subfield code="w">2020-09-05</subfield>
    <subfield code="y">BK</subfield>
  </datafield>
</record>
